000 00317nam a22001337a 4500
082 _a297.09 AKB
100 _aAkbar Shah Khan
245 _aTareekh e islam (part 3)
260 _aLahore
_bIslami kutab khana
300 _a477p. :
_e20 cm
650 _aIslamic fundamentalism
700 _aAkbar Shah Khan
942 _cBK
999 _c11709
_d11709